000 00746cam a22002174a 4500
005 20091016122038.0
008 090107s2008 ii b 001 0 eng
010 _aENG-95575
020 _a9788178311654
_c1000.00
035 _aEN-79108
037 _bDBAD/PUB
040 _aDPL
100 _aSarathi, Parth
245 _aEnhancing effectiveness of training
_cby Parth Sarathi
_bA systems approach
260 _aNew Delhi :
_bManak Publications,
_c2008.
300 _axviii, 356 p. ;
_c22 cm.(Hb.)
504 _aIncludes index.
942 _2ddc
_cEN
_mSAR
999 _c32129
_d32129